| 000 | 00888nam a22002417a 4500 | ||
|---|---|---|---|
| 999 |
_c22483 _d22483 |
||
| 003 | AR-CdUCM | ||
| 008 | 190409b ||||| |||| 00| 0 spa d | ||
| 020 | _a9786123050672 | ||
| 040 |
_aMUNICIPALIDAD PROVINCIAL DEL CUSCO _cBIBLIOTECA MUNICIPAL DEL CUSCO |
||
| 082 |
_a869.56/C19T _bC19T _2Cuarta edición, primera reimpresión |
||
| 100 |
_aCalvo, César _9634 |
||
| 245 |
_aLas tres mitades de ino moxo y otros brujos de la Amazonía / _cCésar Calvo ; ilustraciones, Francesco Mariotti |
||
| 260 |
_aLima : _bPEISA, _c2020. |
||
| 300 |
_a311 páginas, 7 páginas sin numerar : _b ilustraciones, retratos ; _c19 cm. |
||
| 500 | _aVocabulario: páginas 269-311. | ||
| 650 |
_aNovelas peruanas _9545 |
||
| 650 |
_aAmazonía _93433 |
||
| 650 |
_aNovelas _9218 |
||
| 650 |
_aSiglo XX _948299 |
||
| 700 |
_aMariotti, Francesco _eilustrador _948300 |
||
| 942 |
_2ddc _cLIBROS |
||
| 945 | _arac | ||